000 00318pam a2200133 a 4500
020 _c
041 _h
100 _aRajesh Gopal.,
_eAuthor.
245 _aFundamentals of Wildlife Management
_hTextual Documents
250 _a1st.
260 _a[s.l]:
_bNatraj Publisher Dhear Dun.
300 _a1295.
930 _a2345
999 _c248196
_d248196